| 000 | 00348nam a22001577a 4500 | ||
|---|---|---|---|
| 003 | CEME | ||
| 005 | 20210628203527.0 | ||
| 008 | 210119b xxu||||| |||| 00| 0 eng d | ||
| 040 | _c. | ||
| 082 | _a297.63 SIR | ||
| 100 |
_aSaraj Anwar Mankawe _966038 |
||
| 245 | _aHarf-e-sana | ||
| 260 |
_aLAHORE _bS _c2007 |
||
| 300 | _a89P | ||
| 942 |
_cBK _2ddc |
||
| 999 |
_c574082 _d574082 |
||